| 000 | 00738nam a22001577a 4500 | ||
|---|---|---|---|
| 003 | OSt | ||
| 005 | 20151019155618.0 | ||
| 008 | 151019b xxu||||| |||| 00| 0 eng d | ||
| 040 | _cRUA | ||
| 082 | _aAVM TAN 2009 B088 Or.1 | ||
| 100 |
_92474 _aTAN VUTHY |
||
| 245 | _aStudy on digfferent levels of taro silage with rice bran as energy source, (ការសិក្សាពីលទ្ធភាពរំលាយអាហាររបស់ជ្រូកដោយ ប្រើប្រាស់កំរិតត្រាវផ្អាប់ផ្សេងៗគ្នាដែលមានកន្ទក់ជាចំណីថាមពល) | ||
| 260 |
_aphnom penh _brua _c2009 |
||
| 300 |
_ax, 50p. _bill. _c29cm. |
||
| 942 |
_2ddc _cAVM |
||
| 999 |
_c2329 _d2329 |
||